000 00359 a2200157 4500
001 69281
020 _a
040 _cAnchieta - Itaigara
100 _aGouveia, Luis Augusto
240 1 0 _aPra começo de conversa...
_lpor
245 1 0 _aPra começo de conversa...
300 _a111
362 0 _a2000
650 4 _aLiteratura infanto-juvenil
942 _cBK
999 _c69281
_d69281